000 00707nam a2200241Ia 4500
003 OSt
005 20221005120910.0
006 a|||||r|||| 00| 0
007 ta
008 221004b |||||||| |||| 00| 0 eng d
024 _a51683
037 _cTextual
040 _aCRL
_cCRL
_beng
041 _2eng
_aeng
082 _aQ4:33, 111K6-;1
100 _aAsvaghosha
245 0 _aFo-Sho-Hing-Tsan-King tr from Sanskrit into Chinese by Dharmarksha and from Chinese into English by Samuel Beal.
260 _c1966
490 _a(Sacred books of the East ed by F Max Muller,19).
650 _aRELIGION
942 _hQ4:33, 111K6-;1
_cTEXL
_2cc
999 _c1039473
_d1039473